000
00260nam a2200097Ia 4500
005
20251222114348.0
008
251222s1900||||xx |||||||||||||| ||spa||
082
_a
DVD0111/B94/BR
245
0
_a
El extraño mundo de Jack:Nightmare Before Christmas, The
942
_c
DVD
999
_c
1137
_d
1137